000
00299nam a22001337a 4500
008
170508b xxu||||| |||| 00| 0 eng d
020
_a
9780673398970
041
_a
eng
080
_a
34
100
_a
14
101
_a
shj
245
_a
judgin the constitution
_c
MCCANN.M.W
942
_2
udc
_c
BK
999
_c
12887
_d
12887